000
00310nam a2200133Ia 4500
008
191201s2011 xx 000 0 und d
020
_a
9789380298399
100
_a
DIXIT, JB
245
0
_a
Programming in C
260
_a
N. delhi
_b
Firewall Media
_c
2011
300
_a
619
650
_a
MCA
942
_2
ddc
_c
BK
_0
21
999
_c
6220
_d
6220